• 首页
  • 本馆介绍
  • 公告通知
  • 最新文献
  • 馆藏检索
  • 电子资源
  • 读者导购
  • 参考咨询
  • 我的图书馆
  • 登录
  • 详细信息显示
  • 放入我的书架
  • 预约/预借图书
  • 作者相关作品
  • 分类相关作品
  • 丛书相关作品
  • 出版社相关作品

书目信息

  • 表格格式
  • 工作单格式
  • 卡片格式
题名:
宣传工作实用手册
    
 
作者: 孙镁耀 主编
分册:  
出版信息: 北京   红旗出版社  1988.08
页数: 591页
开本: 21cm
丛书名:
单 册:
中图分类: D261.5-62
科图分类:
主题词: 中国共产党--宣传工作--手册
电子资源:
ISBN: 7-5051-0033-5
000 00552nam0 2200181 45
001 0506291441
005 20070801111455.12
010    @a7-5051-0033-5@b精装@dCNY6.50
100    @a20050629d1988 km y0chiy0120 ea
101 0  @achi
200 1  @a宣传工作实用手册@AXuan Chuan Gong Zuo Shi Yong Shou Ce@f孙镁耀主编@FSun Mei Yao Zhu Bian
210    @a北京@c红旗出版社@d1988.08
215    @a591页@d21cm
606 0  @a中国共产党@x宣传工作@x手册
690    @aD261.5-62@v3
701  0 @a孙镁耀@4主编
801    @aCN@bPftUser@c20070801
905    @f1@b215644@dD261.5-62@e34
    
    宣传工作实用手册/孙镁耀主编.-北京:红旗出版社,1988.08
    591页;21cm
    
    
    ISBN 7-5051-0033-5(精装):CNY6.50
    
●
相关链接 在E读中查询图书 在五车中查询图书 在当当中查询图书 在豆瓣中查询图书


正题名:宣传工作实用手册     索取号:D261.5-62/34         预约/预借

序号 登录号 条形码 馆藏地/架位号 状态 备注
1 0215644   001692751   第一样本阅览室/ [索取号:D261.5-62/34] 在馆    
2 0790559   207905597   密集书库/ [索取号:D261.5-62/34] 在馆    
唐山师范学院图书馆 欢迎您!
大连网信软件有限公司© 版权所有